Intercommunalités de la Creuse - Statistiques

Statistiques générales
  • Ce quiz a été pris 55 fois
  • Le résultat moyen est 5 sur 9
Statistiques - réponses
Nombres de Communes Intercommunalités % Correct
25 Communauté d'Agglomération du Grand Guéret
91%
26 Communauté de Communes Creuse Grand Sud
85%
10 Communauté de Communes du Pays Sostranien
82%
16 Communauté de Communes de Bénévent-Grand-Bourg
59%
42 Creuse Confluence
47%
50 Communauté de Communes Marche et Combraille en Aquitaine
41%
17 Communauté de Communes du Pays Dunois
26%
43 Communauté de Communes Creuse Sud-Ouest
24%
16 Communauté de Communes Portes de la Creuse en Marche
6%
Aucun quiz correspondant
Distribution des résultats
% des personnes avec chaque résultat
Percentile par nombre de réponses
Votre historique - résultats
Vous n’avez pas pris ce quiz